00459nam a2200157Ia 4500001000500000005001700005008004100022041000800063082001600071100003300087245012800120260000900248300002800257650000800285654000800293417120260306145736.0260306t2021||||xx |||||||||||||| ||spa|| aESP a307.76bL96 aLudeña Urquizo, WileyeAUT 0aTerritorios, ciudades y arquitecturas sur-sur:bprocesos históricos y desafíos. Diálogos Metropolitanos Lima/Salvador c2021 a326 páginas :c24 cm. aGEN aCAU